书目信息 |
| 题名: |
恒星的运动和宇宙的结构
|
|
| 作者: | 爱丁顿 著 | |
| 分册: | ||
| 出版信息: | 北京 世界图书出版公司北京公司 2015.02 |
|
| 页数: | 266页 | |
| 开本: | 23cm | |
| 丛书名: | ||
| 单 册: | ||
| 中图分类: | P137 | |
| 科图分类: | ||
| 主题词: | 天体运动理论--tian ti yun dong li lun--英文 | |
| 电子资源: | ||
| ISBN: | 978-7-5100-9398-2 | |
| 000 | 01096nam0 2200253 450 | |
| 001 | 0106081830 | |
| 005 | 20201106082045.0 | |
| 010 | @a978-7-5100-9398-2@dCNY55.00 | |
| 100 | @a20201104e20192015em y0chiy0120 ea | |
| 101 | 0 | @aeng |
| 102 | @aCN@b110000 | |
| 105 | @ay z 000yy | |
| 106 | @ar | |
| 200 | 1 | @a恒星的运动和宇宙的结构@Aheng xing de yun dong he yu zhou de jie gou@d=Stellar movements and the structure of the Universe@f(英)爱丁顿(A. S. Eddington)著@zeng |
| 205 | @a影印本 | |
| 210 | @a北京@c世界图书出版公司北京公司@d2015.02@h2019.02 | |
| 215 | @a266页@d23cm | |
| 330 | @a本书详实地记录了宇宙天体中恒星的运动和宇宙的结构。对于天体运动爱好者来说,这无疑是天体物理专业领域鼻祖的开山之作,科学性介绍了宇宙天体运动的基本规律以及整个宇宙的基本结构,是爱丁顿不可多得的杰作之一。 | |
| 512 | 1 | @aStellar movements and the structure of the Universe@zeng |
| 606 | 0 | @a天体运动理论@Atian ti yun dong li lun@j英文 |
| 690 | @aP137@v5 | |
| 701 | 0 | @c(英)@a爱丁顿@Aai ding dun@c(Eddington, Arthur Stanley@f1882~1944)@4著 |
| 801 | 0 | @aCN@bBJSZM@c20201106 |
| 905 | @b1192560-3@dP137@e312@f4 | |
| 恒星的运动和宇宙的结构=Stellar movements and the structure of the Universe/(英)爱丁顿(A. S. Eddington)著.-影印本.-北京:世界图书出版公司北京公司,2015.02(2019.02) |
| 266页;23cm |
| ISBN 978-7-5100-9398-2:CNY55.00 |
| 本书详实地记录了宇宙天体中恒星的运动和宇宙的结构。对于天体运动爱好者来说,这无疑是天体物理专业领域鼻祖的开山之作,科学性介绍了宇宙天体运动的基本规律以及整个宇宙的基本结构,是爱丁顿不可多得的杰作之一。 |
| ● |
| 相关链接 |
|
|
|
|
正题名:恒星的运动和宇宙的结构
索取号:P137/312
 
预约/预借
| 序号 | 登录号 | 条形码 | 馆藏地/架位号 | 状态 | 备注 |
| 1 | 1192560 | 211925602 | 第二样本阅览室/ [索取号:P137/312] | 在馆 | |
| 2 | 1192561 | 211925611 | 第三借阅区/ [索取号:P137/312] | 在馆 | |
| 3 | 1192562 | 211925620 | 第三借阅区/ [索取号:P137/312] | 在馆 | |
| 4 | 1192563 | 211925639 | 第三借阅区/ [索取号:P137/312] | 在馆 |